| 000 | 01127nam a2200337 a 4500 | ||
|---|---|---|---|
| 001 | 2490507 | ||
| 003 | GBCCL | ||
| 005 | 20251022130823.0 | ||
| 008 | 911118s1992 caua b 001 0 eng | ||
| 020 |
_a0962439878 (pbk.) : _c$8.95 |
||
| 020 | _a978189392100X | ||
| 020 | _a9780962439872 | ||
| 035 | _a2490507 | ||
| 040 |
_aDLC _cDLC |
||
| 082 | 0 | 0 |
_a235.4 _220 _bMUR 1 |
| 100 | 1 |
_aMurphy, Jim _q(James O.) |
|
| 245 | 1 | 0 |
_aHow to defeat demons : _ban international manual / _cJim and Carolyn Murphy. |
| 260 |
_aBlue Jay, CA. : _bHundredfold press, _c2007, c1992. |
||
| 300 |
_ax, 212 p. : _bill. ; _c22 cm. |
||
| 336 |
_atext _btxt _2rdacontent |
||
| 337 |
_aunmediated _bn _2rdamedia |
||
| 338 |
_avolume _bnc _2rdacarrier |
||
| 504 | _aIncludes bibliographical references (p. 199-200) and index. | ||
| 650 | 0 | _aDemonology. | |
| 650 | 0 | _aExorcism. | |
| 700 | 1 | _aMurphy, Carolyn. | |
| 906 |
_a7 _bcbc _corignew _d1 _eopcn _f19 _gy-gencatlg |
||
| 942 |
_2ddc _cBK _n0 |
||
| 999 |
_c10949 _d10949 |
||